000 01183nam a22003377a 4500
003 CHAP
005 20220329143717.0
008 110324s1989 us a r 00010 eng d
010 _a100735
011 _a101707
020 _a0517662175
035 _a112395
040 _cCHAP
082 0 4 _a581.632097
_bF76
100 1 _aForey, Pamela.
_942383
245 1 3 _aAn instant guide to edible plants :
_bthe mast familiar edible wild plants of North America, described and illustrated in full color
_c/por Pamela Forey y Cecilia Fitzsimons
260 _aNew York :
_bBonanza Books,
_c1989
300 _a123 p. :
_bilus.
590 _aBATCH-UPD
_b10
_c20130110
_lUCH01
_h1758
590 _aBATCH-UPD
_b10
_c20130410
_lUCH01
_h1135
590 _aBATCH-UPD
_b10
_c20130914
_lUCH01
_h1417
590 _aBATCH-UPD
_b10
_c20180816
_lUCH01
_h1701
590 _aCONVERSION
_b10
_c20130109
_lUCH01
_h1356
650 1 4 _aPlantas comestibles.
_988906
650 1 4 _aPlantas silvestres.
_989083
650 1 4 _aPlantas
_xIdentificación.
_988842
700 1 _aFitzsimons, Cecilia.
_941203
901 _aBK
942 _cLIBRO
949 _a581.632097 F76
_bBC
_cLIBRO
_d33724002236629
_eLIBRO
_h114467
_i112395
_st
999 _c100735
_d100735